书目信息 |
| 题名: |
中学生物练习题解
|
|
| 作者: | 吴浩源 , 祁乃成 编著 | |
| 分册: | ||
| 出版信息: | 重庆 科学技术文献出版社重庆分社 1982 |
|
| 页数: | 185页 | |
| 开本: | 19cm | |
| 丛书名: | ||
| 单 册: | ||
| 中图分类: | G634.91 , G633.91 | |
| 科图分类: | ||
| 主题词: | 生物学--解题--中学 , 教育--各级 | |
| 电子资源: | ||
| ISBN: | ||
| 000 | 00747nam0 2200265 45 | |
| 001 | 0182001936 | |
| 005 | 20061110083808.92 | |
| 010 | @dCNY0.70 | |
| 091 | @a13176.107 | |
| 100 | @a19950614d1982 em y0chiy0121 ea | |
| 101 | 0 | @achi |
| 102 | @aCN@b510000 | |
| 105 | @ay q 000yy | |
| 200 | 10 | @a中学生物练习题解@Azhong xue sheng wu lian xi ti jie@f祁乃成,吴浩源编著 |
| 210 | @a重庆@c科学技术文献出版社重庆分社@d1982 | |
| 215 | @a185页@d19cm | |
| 606 | @a生物学@x解题@x中学 | |
| 606 | 0 | @a教育@x各级 |
| 690 | @aG634.91@v3 | |
| 690 | @aG633.91@v3 | |
| 701 | 0 | @a吴浩源@Awu hao yuan@4编著 |
| 701 | 0 | @a祁乃成@Aqi nai cheng@4编著 |
| 801 | 2 | @aCN@bNLC@c20061110 |
| 801 | 0 | @aCN@b上海图书馆@c20060814 |
| 905 | @f4@b69032-035@dG633.91@e3 | |
| 中学生物练习题解/祁乃成,吴浩源编著.-重庆:科学技术文献出版社重庆分社,1982 |
| 185页;19cm |
| ISBN :CNY0.70 |
| ● |
| 相关链接 |
|
|
|
|
正题名:中学生物练习题解
索取号:G633.91/3
 
预约/预借
| 序号 | 登录号 | 条形码 | 馆藏地/架位号 | 状态 | 备注 |
| 1 | 0069032 | 000256341 | 密集书库/ [索取号:G633.91/3] | 在馆 | |
| 2 | 0069033 | 000256332 | 密集书库/ [索取号:G633.91/3] | 在馆 | |
| 3 | 0069034 | 000256403 | 密集书库/ [索取号:G633.91/3] | 在馆 | |
| 4 | 0069035 | 000256396 | 密集书库/ [索取号:G633.91/3] | 在馆 | |
| 5 | 0069036 | 000256350 | 第一样本阅览室/ [索取号:G633.91/3] | 在馆 | |
| 6 | 0444739 | 204447394 | 密集书库/ [索取号:G633.91/3] | 在馆 | |
| 7 | 0448695 | 204486957 | 密集书库/ [索取号:G633.91/3] | 在馆 | |
| 8 | 0448707 | 204487073 | 密集书库/ [索取号:G633.91/3] | 在馆 | |
| 9 | 0459646 | 204596464 | 密集书库/ [索取号:G633.91/3] | 在馆 | |
| 10 | 0465089 | 204650895 | 密集书库/ [索取号:G633.91/3] | 在馆 |